Institute for Fiscal Studies (Record no. 120146)

MARC details
000 -LEADER
fixed length control field 00743cam a2200193 4500
001 - CONTROL NUMBER
control field WS119257
008 - FIXED-LENGTH DATA ELEMENTS--GENERAL INFORMATION
fixed length control field 020808n 000 0 eng u
035 ## - SYSTEM CONTROL NUMBER
System control number (Sirsi) u119257
110 ## - MAIN ENTRY--CORPORATE NAME
Corporate name or jurisdiction name as entry element Institute for Fiscal Studies
9 (RLIN) 1
245 ## - TITLE STATEMENT
Title Institute for Fiscal Studies
520 ## - SUMMARY, ETC.
Summary, etc. Web site for this independent research organisation which aims to provide high quality economic analysis of public policy looking in particular at the UK tax system. Includes details of conferences and publications.
650 ## - SUBJECT ADDED ENTRY--TOPICAL TERM
Topical term or geographic name entry element ORGANISATION
650 ## - SUBJECT ADDED ENTRY--TOPICAL TERM
Topical term or geographic name entry element PUBLIC POLICY
650 ## - SUBJECT ADDED ENTRY--TOPICAL TERM
Topical term or geographic name entry element TAXATION
650 ## - SUBJECT ADDED ENTRY--TOPICAL TERM
Topical term or geographic name entry element Valuation
9 (RLIN) 6273
690 ## - LOCAL SUBJECT ADDED ENTRY--TOPICAL TERM (OCLC, RLIN)
Topical term or geographic name as entry element ECONOMIC ISSUES
856 40 - ELECTRONIC LOCATION AND ACCESS
Uniform Resource Identifier <a href="https://www.ifs.org.uk">https://www.ifs.org.uk</a>
Public note View the website free of charge at www.ifs.org.uk...
942 ## - ADDED ENTRY ELEMENTS (KOHA)
Suppress in OPAC 0
Holdings
Withdrawn status Lost status Source of classification or shelving scheme Damaged status Not for loan Home library Current library Shelving location Date acquired Total Checkouts Full call number Barcode Date last seen Copy number Price effective from Koha item type
    Dewey Decimal Classification     Virtual Virtual Online 08/08/2002   WEB SITE 119257-2001 06/08/2019 1 06/08/2019 Online material